Kariéra s HN

Z obsahu prílohy: Od kádrového dotazníka k ľuďom. Ľudia ako alfa i omega rozvoja. Šanca stať sa marketingovým manažérom roku `97.

Enregistré dans:
Détails bibliographiques
Auteur principal: Boroš, Pavol
Format: Chapitre de livre
Langue:slovaque
Sujets:
Tags: Ajouter un tag
Pas de tags, Soyez le premier à ajouter un tag!

MARC

LEADER 00000naa a2200000 4500
001 r025536
005 20230824085400.2
041 0 |a slo 
044 |a SK 
245 1 0 |a Kariéra s HN  |c Pavol Boroš 
520 |a Z obsahu prílohy: Od kádrového dotazníka k ľuďom. Ľudia ako alfa i omega rozvoja. Šanca stať sa marketingovým manažérom roku `97. 
610 2 0 |a kariéra 
610 2 0 |a zdroje ľudské 
610 2 0 |a riadenie 
610 2 0 |a marketing 
610 2 0 |a manažéri 
100 1 |a Boroš, Pavol